Central Library OPAC University of Rajshahi

A Textbook of botany / (Record no. 75165)

MARC details
000 -LEADER
fixed length control field 00521nam a22002057a 4500
001 - CONTROL NUMBER
control field 75165
003 - CONTROL NUMBER IDENTIFIER
rucl marc code BD-RjUL
005 - DATE AND TIME OF LATEST TRANSACTION
control field 20211209082644.0
008 - FIXED-LENGTH DATA ELEMENTS--GENERAL INFORMATION
fixed length control field 190127s1921 enk||||| |||| 00| 0 eng d
035 ## - SYSTEM CONTROL NUMBER
System control number (BD-RjUL)
040 ## - CATALOGING SOURCE
Original cataloging agency BD-RjUL
Language of cataloging eng
Transcribing agency BD-RjUL
041 ## - LANGUAGE CODE
Language code of text/sound track or separate title eng
082 ## - DEWEY DECIMAL CLASSIFICATION NUMBER
Edition number 23
Classification number 580
Author mark and year JAT 1921
100 ## - MAIN ENTRY--PERSONAL NAME
Personal name Small, James
9 (RLIN) 227428
245 10 - TITLE STATEMENT
Title A Textbook of botany /
Statement of responsibility, etc. James Small.
260 ## - PUBLICATION, DISTRIBUTION, ETC. (IMPRINT)
Place of publication, distribution, etc. London :
Name of publisher, distributor, etc. Curchill,
Date of publication, distribution, etc. 1921.
300 ## - PHYSICAL DESCRIPTION
Pagination x, 681
Illustrations ill.;
Size 20 cm.
650 ## - SUBJECT ADDED ENTRY--TOPICAL TERM
Topical term or geographic name as entry element Botany
9 (RLIN) 227429
942 ## - ADDED ENTRY ELEMENTS (KOHA)
Source of classification or shelving scheme Dewey Decimal Classification
Koha item type Books
Holdings
Lost status Source of classification or shelving scheme Damaged status Not for loan Collection code Permanent Location Current Location Shelving location Date acquired Source of acquisition Total Checkouts Full call number Date last seen Copy number Koha item type
  Dewey Decimal Classification   Not For Loan Non-fiction Central Library, University of Rajshahi Central Library, University of Rajshahi Reading Room 21/09/1964 Australia   580 JAT 1921 27/01/2019 C-1 Books